| 000 | 02627cam a2200469 a 4500 | ||
|---|---|---|---|
| 001 | 16454711 | ||
| 005 | 20241220131403.0 | ||
| 092 | _aGIST | ||
| 906 |
_a7 _bcbc _corignew _d1 _eecip _f20 _gy-gencatlg |
||
| 925 | 0 |
_aacquire _b2 shelf copies _xpolicy default |
|
| 942 |
_cBOOK _025 |
||
| 955 |
_drg11 2010-09-17 (telework) to CIP (Dewey completed) _fxj86 2011-05-10 Z-CipVer |
||
| 008 | 100912s2011 mnu 000 1 eng | ||
| 010 | _a 2010037209 | ||
| 020 | _a9780764208935 (hbk.) | ||
| 020 | _a0764208934 | ||
| 035 | _a(OCoLC)ocn635457941 | ||
| 040 |
_aDLC _cDLC _dIG# _dBTCTA _dORX _dDLC |
||
| 043 |
_an-us-va _an-us-tx |
||
| 050 | 0 | 0 |
_aPS3607.I55 _bT76 2011 |
| 082 | 0 | 0 |
_a813/.6 _222 |
| 100 | 1 |
_aGist, Deeanne. _954072 |
|
| 245 | 1 | 4 |
_aThe trouble with brides : _bthree novels in one volume / _cDeeanne Gist. |
| 260 |
_aMinneapolis, Minn. : _bBethany House, _c[2011] |
||
| 300 |
_a241, 210, 241 p. ; _c24 cm. |
||
| 520 | _aA bride most begrudging (2005): a British lady who is taken to the colonies against her will as a "tobacco bride." The colonial farmer who "wins" her realizes he has gotten more than he bargained for in the ensuing battle of wills. | ||
| 520 | _aCourting trouble (2007): In 1890s Texas, being a single woman at 30meant you were practically a spinster. Tired of leaving it up to providence, Essie takes matters into her own hands, casting her sights on the towns remaining bachelors and widowers. Surely with one of them she can find a match made in heaven, even if shes decides to leave God out of it. | ||
| 520 | _aDeep in the heart of trouble (2008): Essie Spreckelmeyer is the last woman anyone in Corsicana, Texas, expected to see with a man on her arm. Independent and outspoken, she's known more for riding bicycles in outrageous bloomers than for catching a man's eye. | ||
| 505 | 0 | _aBride most begrudging -- Courting trouble -- Deep in the heart of trouble. | |
| 650 | 0 |
_aMan-woman relationships _vFiction. _95674079 |
|
| 651 | 0 |
_aVirginia _xHistory _yColonial period, ca. 1600-1775 _vFiction. _95695865 |
|
| 650 | 0 |
_aPlantation owners' spouses _vFiction. _96505320 |
|
| 650 | 0 |
_aArranged marriage _vFiction. _95693703 |
|
| 650 | 0 |
_aPlantation life _vFiction. _95751700 |
|
| 650 | 0 |
_aSingle women _vFiction. _95676145 |
|
| 650 | 0 |
_aOil well drilling _vFiction. _96374002 |
|
| 651 | 0 |
_aCorsicana (Tex.) _xHistory _y19th century _vFiction. _96507734 |
|
| 655 | 0 |
_aLove stories. _96226918 |
|
| 655 | 0 |
_aChristian fiction. _96226919 |
|
| 655 | 0 |
_aHistorical fiction. _96226920 |
|
| 998 | _aa146820 | ||
| 999 |
_c79963 _d79963 |
||